Central Library OPAC University of Rajshahi

Interior decorating / (Record no. 17284)

MARC details
000 -LEADER
fixed length control field 00739nam a22002531 4500
001 - CONTROL NUMBER
control field 17284
003 - CONTROL NUMBER IDENTIFIER
rucl marc code BD-RjUL
005 - DATE AND TIME OF LATEST TRANSACTION
control field 20211209000121.0
008 - FIXED-LENGTH DATA ELEMENTS--GENERAL INFORMATION
fixed length control field 140216r19481937enka 000 0 eng
035 ## - SYSTEM CONTROL NUMBER
System control number (BD-RjUL)17342
System control number (OCoLC)1535091
040 ## - CATALOGING SOURCE
Original cataloging agency DLC
Transcribing agency FM
Modifying agency BD-RjUL
Language of cataloging eng
041 ## - LANGUAGE CODE
Language code of text/sound track or separate title eng
082 ## - DEWEY DECIMAL CLASSIFICATION NUMBER
Classification number 747
Author mark and year MII 1948
100 1# - MAIN ENTRY--PERSONAL NAME
Personal name Miller, Duncan.
9 (RLIN) 53288
245 10 - TITLE STATEMENT
Title Interior decorating /
Statement of responsibility, etc. Duncan Miller.
260 ## - PUBLICATION, DISTRIBUTION, ETC. (IMPRINT)
Place of publication, distribution, etc. New York ; London :
Name of publisher, distributor, etc. The Studio limited; The Studio publications, inc.,
Date of publication, distribution, etc. c1937 [reprint 1948].
300 ## - PHYSICAL DESCRIPTION
Pagination 52 p. :
Illustrations illus. ;
Size 25 cm.
490 0# - SERIES STATEMENT
Series statement "How to do it" series.
Volume/sequential designation 13
650 #0 - SUBJECT ADDED ENTRY--TOPICAL TERM
Topical term or geographic name as entry element Interior decoration.
9 (RLIN) 44657
942 ## - ADDED ENTRY ELEMENTS (KOHA)
Source of classification or shelving scheme Dewey Decimal Classification
Koha item type Books
Holdings
Lost status Source of classification or shelving scheme Damaged status Not for loan Collection code Permanent Location Current Location Shelving location Date acquired Source of acquisition Cost, normal purchase price Total Checkouts Full call number Date last seen Copy number Koha item type
  Dewey Decimal Classification   Not For Loan Non-fiction Central Library, University of Rajshahi Central Library, University of Rajshahi Reading Room 04/03/2055 U. B. D, Rajshahi 0.00   747 MII 1948 16/02/2014 C-1 Books